[Event "M.Chigorin Memorial 2013"]
[Site "St. Petersburg"]
[Date "2013.10.08"]
[Round "4.26"]
[White "Rozhko, Dmitry"]
[Black "Epishin, Vladimir"]
[Result "1-0"]
[WhiteElo "2339"]
[BlackElo "2572"]
[PlyCount "115"]
[EventDate "2013.10.05"]

1. d4 g6 2. Nf3 Bg7 3. e4 d6 4. c3 Nf6 5. Bd3 O-O 6. O-O Nc6 7. b4 Bg4 8. Nbd2
e5 9. b5 Na5 10. Qa4 b6 11. h3 Bd7 12. dxe5 dxe5 13. Qc2 Re8 14. Rd1 c6 15. Nc4
Qc7 16. Nxa5 bxa5 17. a4 cxb5 18. axb5 Rec8 19. Qa2 a6 20. bxa6 a4 21. Be3 Bf8
22. Rab1 h6 23. Qd2 Bc6 24. Bb6 Qe7 25. Qe2 a3 26. Ba5 Nh5 27. Bb4 Nf4 28. Qe3
Qa7 29. Bf1 Ne6 30. Qxa7 Rxa7 31. Nxe5 Bxe4 32. Ra1 Bg7 33. Rd7 Rxd7 34. Nxd7
Rc7 35. Bb5 Nf4 36. Rxa3 Nxg2 37. a7 Nf4 38. a8=Q+ Bxa8 39. Rxa8+ Kh7 40. Nf8+
Bxf8 41. Rxf8 Nxh3+ 42. Kf1 g5 43. Rd8 Ra7 44. Rd7 Ra1+ 45. Kg2 Nf4+ 46. Kf3
Kg6 47. Bd6 Ne6 48. Bd3+ f5 49. Be5 Re1 50. Bb8 Rc1 51. Rd6 Kf6 52. Rc6 Ke7 53.
Ke3 f4+ 54. Kd2 Rh1 55. Bc4 Nf8 56. Rc7+ Kd8 57. Rg7 Rb1 58. Bc7+ 1-0

[Event "M.Chigorin Memorial 2013"]
[Site "St. Petersburg"]
[Date "2013.10.08"]
[Round "4.27"]
[White "Rozum, Ivan"]
[Black "Donskov, Anatoly"]
[Result "1/2-1/2"]
[WhiteElo "2533"]
[BlackElo "2317"]
[PlyCount "202"]
[EventDate "2013.10.05"]

1. c4 Nf6 2. Nc3 e6 3. Nf3 Bb4 4. Qc2 O-O 5. a3 Bxc3 6. Qxc3 d6 7. b4 e5 8. e3
Re8 9. Be2 Nbd7 10. d3 b6 11. Bb2 c5 12. O-O Bb7 13. Rfe1 Nf8 14. d4 Ng6 15.
bxc5 bxc5 16. d5 Bc8 17. Nd2 Rb8 18. Bd3 Bd7 19. Rab1 Ba4 20. Ba1 Qc7 21. f3
Rxb1 22. Rxb1 Rb8 23. Rf1 Qe7 24. Qa5 Be8 25. Rb1 Rxb1+ 26. Bxb1 Qb7 27. Qd8
Qb6 28. Qxb6 axb6 29. f4 exf4 30. exf4 Kf8 31. Bxf6 gxf6 32. g3 Bd7 33. Nf1 f5
34. Ne3 Ne7 35. Kf2 Kg7 36. Bc2 Kf6 37. Nd1 Bc8 38. Nc3 Ba6 39. Bd3 h6 40. Ke2
Nc8 41. Na4 Bb7 42. Kd2 Ba6 43. Kc3 Bb7 44. Kb3 Ba6 45. Nc3 Na7 46. Na4 Nc8 47.
h3 h5 48. Nc3 Na7 49. Be2 Kg6 50. Nb5 Nxb5 51. cxb5 Bb7 52. Bf3 Kf6 53. a4 Kg6
54. a5 bxa5 55. Ka4 c4 56. Kxa5 c3 57. Bd1 Bxd5 58. Kb4 Bf3 59. Bc2 h4 60. g4
Kf6 61. g5+ Ke6 62. Kxc3 Bg2 63. b6 Kd7 64. Ba4+ Kd8 65. Bb3 Bxh3 66. b7 Kc7
67. Bxf7 Bg4 68. Bd5 Bh5 69. Kd4 h3 70. Ke3 h2 71. Kf2 Bf7 72. Bc6 Be8 73. Bf3
Bh5 74. Bg2 Bf7 75. Kg3 d5 76. g6 Bxg6 77. Bxd5 Bf7 78. Bg2 Bb3 79. Kxh2 Bc2
80. Kg3 Kb8 81. Kh4 Kc7 82. Kg5 Bb1 83. Kf6 Be4 84. Bh3 Bxb7 85. Bxf5 Kd8 86.
Bg6 Bc8 87. Bf7 Bg4 88. Be6 Bf3 89. Kf7 Be4 90. Bg4 Bd3 91. Bh5 Bc4+ 92. Kg7
Be6 93. Bf7 Bg4 94. Kf6 Bf3 95. Bg6 Be2 96. Bf5 Ke8 97. Kg7 Ke7 98. Bh3 Bd3 99.
Bg4 Be4 100. Bh5 Bf5 101. Bf7 Bd7 1/2-1/2

[Event "M.Chigorin Memorial 2013"]
[Site "St. Petersburg"]
[Date "2013.10.08"]
[Round "4.30"]
[White "Sivuk, Vitaly"]
[Black "Melnikov, Dmitry"]
[Result "1-0"]
[WhiteElo "2517"]
[BlackElo "2311"]
[PlyCount "117"]
[EventDate "2013.10.05"]

1. e4 e5 2. Nf3 Nc6 3. Bc4 Nf6 4. Ng5 d5 5. exd5 Na5 6. Bb5+ c6 7. dxc6 bxc6 8.
Bd3 h6 9. Ne4 Nd5 10. O-O g6 11. Re1 Bg7 12. Bf1 O-O 13. a3 Nb7 14. c4 Nc7 15.
d3 f5 16. Nec3 Nc5 17. b4 N5e6 18. Bb2 f4 19. Nd2 Nd4 20. Nce4 Nce6 21. Nb3 g5
22. c5 f3 23. g3 Qd5 24. Nxd4 Nxd4 25. Bxd4 exd4 26. Nd6 g4 27. Qc2 Bd7 28. Qc4
Rf6 29. Rac1 Bf8 30. Re4 Bxd6 31. Rxd4 Qxc4 32. dxc4 Bxc5 33. Rxd7 Bf8 34. c5
a5 35. h3 axb4 36. axb4 h5 37. hxg4 hxg4 38. Rd4 Rg6 39. Bd3 Rg5 40. Bc4+ Kh8
41. Be6 Bg7 42. Rxg4 Rxg4 43. Bxg4 Ra1 44. Rxa1 Bxa1 45. Bxf3 Bc3 46. b5 cxb5
47. c6 Ba5 48. Bd5 Kg7 49. Kg2 Kf6 50. f4 Ke7 51. Kf3 Kd6 52. Be4 b4 53. g4 b3
54. g5 b2 55. Kg4 b1=Q 56. Bxb1 Kxc6 57. Kh5 Bc3 58. Kg6 Kd6 59. Kf7 1-0

[Event "M.Chigorin Memorial 2013"]
[Site "St. Petersburg"]
[Date "2013.10.08"]
[Round "4.31"]
[White "Stukopin, Andrey"]
[Black "Leontiev, Aleksandr V"]
[Result "1-0"]
[WhiteElo "2515"]
[BlackElo "2310"]
[PlyCount "94"]
[EventDate "2013.10.05"]

1. e4 c6 2. d4 d5 3. e5 c5 4. dxc5 e6 5. Nf3 Bxc5 6. Bd3 Nc6 7. O-O Nge7 8. a3
Ng6 9. b4 Bb6 10. Bb2 f6 11. exf6 gxf6 12. c4 dxc4 13. Bxc4 Qxd1 14. Rxd1 Ke7
15. Nc3 Rd8 16. Rxd8 Bxd8 17. Re1 a5 18. b5 Nce5 19. Nxe5 Nxe5 20. Bf1 Ng6 21.
a4 e5 22. g3 Kf7 23. Bg2 Rb8 24. Ne4 Be7 25. Rc1 Bf5 26. Rc7 Rd8 27. Bf3 Rd7
28. b6 Rxc7 29. bxc7 Ke8 30. Nc3 Kd7 31. Nd5 Be6 32. Nxe7 Nxe7 33. Bxb7 Kxc7
34. Be4 Bf5 35. Bxf5 Nxf5 36. f4 Kd6 37. fxe5+ fxe5 38. Bc3 Kd5 39. Bxa5 Kc4
40. Be1 Nd4 41. a5 Nc6 42. g4 e4 43. g5 e3 44. h4 Kd5 45. Kg2 Ke4 46. Kg3 Kf5
47. Kf3 e2 1-0

[Event "M.Chigorin Memorial 2013"]
[Site "St. Petersburg"]
[Date "2013.10.08"]
[Round "4.32"]
[White "Levin, Evgeny A"]
[Black "Zhurikhin, Alexander"]
[Result "1/2-1/2"]
[WhiteElo "2512"]
[BlackElo "2308"]
[PlyCount "132"]
[EventDate "2013.10.05"]

1. d4 d5 2. c4 c6 3. Nf3 Nf6 4. e3 Bg4 5. Nc3 e6 6. h3 Bh5 7. g4 Bg6 8. Ne5
Nbd7 9. Nxg6 hxg6 10. a3 g5 11. Bd2 Bd6 12. Qf3 Qe7 13. O-O-O O-O-O 14. Bd3 Kb8
15. Kb1 Nf8 16. e4 dxe4 17. Bxe4 Nxe4 18. Nxe4 f6 19. Ba5 Re8 20. c5 Bc7 21.
Bxc7+ Qxc7 22. Nd6 Rd8 23. Rde1 Rxd6 24. cxd6 Qxd6 25. Qg3 Kc7 26. h4 gxh4 27.
Rxh4 Rxh4 28. Qxh4 Qxd4 29. Qh8 Nd7 30. Qxg7 Kb6 31. g5 Qd3+ 32. Ka1 Qd2 33.
Re3 Qd1+ 34. Ka2 Qd5+ 35. Rb3+ Ka6 36. gxf6 Nc5 37. Qg3 Nxb3 38. Qxb3 Qf5 39.
Qc4+ Kb6 40. Qb4+ Kc7 41. Qe7+ Kc8 42. a4 Qe4 43. Ka3 b5 44. axb5 cxb5 45. b3
Qe5 46. f7 Qa1+ 47. Kb4 Qd4+ 48. Kxb5 Qd3+ 49. Ka4 Qd4+ 50. b4 Qd1+ 51. Ka5
Qa1+ 52. Kb5 Qf1+ 53. Kc5 Qxf2+ 54. Kc4 Qf4+ 55. Kd3 Qf3+ 56. Kd4 Qf4+ 57. Kc3
Qe3+ 58. Kc4 Qe4+ 59. Kb5 Qd3+ 60. Ka5 Qa3+ 61. Kb5 Qd3+ 62. Ka4 Qa6+ 63. Kb3
Qd3+ 64. Ka2 Qc2+ 65. Ka3 Qd3+ 66. Ka2 Qc2+ 1/2-1/2

[Event "M.Chigorin Memorial 2013"]
[Site "St. Petersburg"]
[Date "2013.10.08"]
[Round "4.33"]
[White "Bublei, Pavel"]
[Black "Makarov, Marat"]
[Result "1/2-1/2"]
[WhiteElo "2328"]
[BlackElo "2512"]
[PlyCount "80"]
[EventDate "2013.10.05"]

1. d4 Nf6 2. Nf3 e6 3. c4 Bb4+ 4. Bd2 a5 5. a3 Bxd2+ 6. Nbxd2 d6 7. g3 O-O 8.
Bg2 Nc6 9. O-O e5 10. e3 h6 11. Qc2 Bd7 12. c5 exd4 13. Nxd4 Nxd4 14. exd4 dxc5
15. dxc5 Qc8 16. Qb3 Rb8 17. Nc4 a4 18. Qb4 Bh3 19. Qxa4 Bxg2 20. Kxg2 Qf5 21.
Rae1 Qxc5 22. Re5 Nd5 23. Ne3 Nxe3+ 24. Rxe3 Qd5+ 25. Qe4 Qxe4+ 26. Rxe4 Rfe8
27. Rfe1 Rxe4 28. Rxe4 Kf8 29. Kf3 Rd8 30. Ke2 c5 31. h4 g6 32. Re3 Rd6 33. Rb3
b6 34. Rd3 Ke7 35. a4 g5 36. hxg5 hxg5 37. Ke3 f5 38. b3 Ke6 39. Rxd6+ Kxd6 40.
f4 gxf4+ 1/2-1/2

[Event "M.Chigorin Memorial 2013"]
[Site "St. Petersburg"]
[Date "2013.10.08"]
[Round "4.34"]
[White "Shchukin, Dmitry"]
[Black "Shinkevich, Vitaly"]
[Result "1-0"]
[WhiteElo "2318"]
[BlackElo "2489"]
[PlyCount "87"]
[EventDate "2013.10.05"]

1. e4 e5 2. Bc4 Nf6 3. d3 c6 4. Nf3 d5 5. Bb3 a5 6. a4 Bb4+ 7. c3 Bd6 8. Bg5
Bc7 9. exd5 cxd5 10. Na3 Nc6 11. Nb5 Bb8 12. d4 e4 13. Nd2 h6 14. Bxf6 gxf6 15.
Qh5 f5 16. f3 Qg5 17. Qxg5 hxg5 18. Bxd5 e3 19. Nc4 Ne7 20. Bxb7 Bxb7 21. Nbd6+
Bxd6 22. Nxd6+ Kf8 23. Nxb7 Rb8 24. Nxa5 Rxb2 25. Nc4 Rxg2 26. Nxe3 Rb2 27. a5
f4 28. Nd1 Rc2 29. a6 Kg7 30. a7 Ra8 31. O-O Re2 32. Nf2 Nf5 33. Rfb1 Ne3 34.
h4 gxh4 35. Rb8 Rxa7 36. Rxa7 Re1+ 37. Kh2 Re2 38. Kg1 Re1+ 39. Kh2 Re2 40. Kh3
Rxf2 41. Kxh4 Rxf3 42. Kg5 Nd5 43. Rbb7 Rg3+ 44. Kf5 1-0

[Event "M.Chigorin Memorial 2013"]
[Site "St. Petersburg"]
[Date "2013.10.08"]
[Round "4.35"]
[White "Popilski, Gil"]
[Black "Khakimov, Timur"]
[Result "1-0"]
[WhiteElo "2486"]
[BlackElo "2305"]
[PlyCount "113"]
[EventDate "2013.10.05"]

1. e4 e5 2. Nf3 Nc6 3. d4 exd4 4. Nxd4 Bb4+ 5. c3 Bc5 6. Be3 Bb6 7. Nf5 Bxe3 8.
Nxe3 Nge7 9. c4 d6 10. Bd3 O-O 11. O-O Ne5 12. Nc3 Nxd3 13. Qxd3 Be6 14. Rad1
a6 15. f4 f6 16. b3 Nc6 17. Rfe1 Qe7 18. Ncd5 Qf7 19. f5 Bxd5 20. exd5 Ne5 21.
Qc3 Rfe8 22. Nc2 Qh5 23. Nd4 Ng4 24. h3 Rxe1+ 25. Rxe1 Ne5 26. Qg3 Re8 27. Kh2
Re7 28. Re4 Qd1 29. Qe3 Qb1 30. Ne6 b6 31. Qe2 a5 32. Rf4 Qd3 33. Qxd3 Nxd3 34.
Rf1 Nc5 35. g4 Kf7 36. Kg3 Re8 37. Rd1 Nxe6 38. fxe6+ Ke7 39. Kf4 c5 40. Ke4
Rb8 41. Rf1 g6 42. Kd3 b5 43. a3 b4 44. Ra1 bxa3 45. Rxa3 Ra8 46. Ra1 Ra7 47.
h4 Ke8 48. Rf1 Ke7 49. g5 f5 50. h5 Kf8 51. hxg6 hxg6 52. Rh1 Kg7 53. Ra1 Kf8
54. Kc3 Kg7 55. Kc2 Kf8 56. Kb2 Kg7 57. b4 1-0

[Event "M.Chigorin Memorial 2013"]
[Site "St. Petersburg"]
[Date "2013.10.08"]
[Round "4.37"]
[White "Predke, Alexandr"]
[Black "Pustovoitova, Daria"]
[Result "1-0"]
[WhiteElo "2464"]
[BlackElo "2286"]
[PlyCount "49"]
[EventDate "2013.10.05"]

1. c4 Nf6 2. Nc3 d5 3. cxd5 Nxd5 4. g3 g6 5. Bg2 Nb6 6. d3 Bg7 7. Nf3 Nc6 8.
O-O O-O 9. Be3 h6 10. Rc1 Be6 11. a3 Qd7 12. Ne4 Nd5 13. Nc5 Qc8 14. Bd2 Kh7
15. Nxe6 Qxe6 16. b4 Rfd8 17. Rc4 Ne5 18. Rh4 Nxf3+ 19. Bxf3 c6 20. Rc4 Nb6 21.
Rc5 Qa2 22. Qc1 Bb2 23. Qc2 a5 24. Rxa5 Rxa5 25. bxa5 1-0

[Event "M.Chigorin Memorial 2013"]
[Site "St. Petersburg"]
[Date "2013.10.08"]
[Round "4.38"]
[White "Paravyan, David"]
[Black "Pashinsky, Mikhail"]
[Result "1-0"]
[WhiteElo "2444"]
[BlackElo "2273"]
[PlyCount "93"]
[EventDate "2013.10.05"]

1. e4 e6 2. d4 d5 3. Nc3 Nf6 4. e5 Nfd7 5. f4 c5 6. Nf3 Nc6 7. Be3 Qb6 8. Na4
Qa5+ 9. c3 cxd4 10. b4 Nxb4 11. cxb4 Bxb4+ 12. Bd2 Bxd2+ 13. Nxd2 O-O 14. Be2
d3 15. Bxd3 Qb4 16. Rf1 b5 17. Qc2 Qxa4 18. Bxh7+ Kh8 19. Qd3 g6 20. Bxg6 Kg7
21. Be4 Rg8 22. Rf3 Nc5 23. Rg3+ Kf8 24. Rxg8+ Kxg8 25. Qg3+ Kf8 26. Bh7 Qd4
27. Rc1 Bb7 28. Qf2 Qxf2+ 29. Kxf2 Rc8 30. Ke3 Kg7 31. Kd4 Nd7 32. Rxc8 Bxc8
33. Bd3 a6 34. g4 b4 35. Nb3 f6 36. g5 fxg5 37. fxg5 Nb8 38. Kc5 Bd7 39. Kd6
Be8 40. Nd4 Ba4 41. Nxe6+ Kg8 42. Nd4 Nd7 43. Bc2 Nb6 44. Bxa4 Nxa4 45. e6 a5
46. e7 Kf7 47. g6+ 1-0

[Event "M.Chigorin Memorial 2013"]
[Site "St. Petersburg"]
[Date "2013.10.08"]
[Round "4.39"]
[White "Aharon, Ofir"]
[Black "Smirnov, Artem"]
[Result "1-0"]
[WhiteElo "2310"]
[BlackElo "2434"]
[PlyCount "75"]
[EventDate "2013.10.05"]

1. e4 c5 2. Nf3 d6 3. d4 cxd4 4. Nxd4 Nf6 5. Nc3 Bd7 6. Bg5 e6 7. f3 a6 8. Qd2
Be7 9. O-O-O O-O 10. Kb1 b5 11. h4 h6 12. Be3 b4 13. Nce2 e5 14. Nb3 a5 15. g4
a4 16. Nbc1 b3 17. g5 Nh5 18. cxb3 axb3 19. a3 d5 20. gxh6 g6 21. Qxd5 Qc7 22.
Nc3 Rxa3 23. bxa3 Qxc3 24. Qxb3 Qa5 25. Bc4 Ba4 26. Qb6 Qc3 27. Bb3 Bxb3 28.
Qxb3 Qc6 29. Nd3 Nd7 30. Nb4 Bxb4 31. axb4 Rb8 32. Rc1 Qb5 33. Rhd1 Ndf6 34.
Rc7 Qe8 35. Rg1 Kh8 36. Bc5 Nd7 37. Bd6 Rb6 38. Rgc1 1-0

[Event "M.Chigorin Memorial 2013"]
[Site "St. Petersburg"]
[Date "2013.10.08"]
[Round "4.40"]
[White "Rozanov, Pavel B"]
[Black "Yagupov, Igor"]
[Result "0-1"]
[WhiteElo "2309"]
[BlackElo "2432"]
[PlyCount "72"]
[EventDate "2013.10.05"]

1. d4 f5 2. Nf3 Nf6 3. Bf4 e6 4. e3 b6 5. Nbd2 Bb7 6. c3 Be7 7. h3 O-O 8. Bd3
c5 9. g4 Ne4 10. gxf5 Nxd2 11. Kxd2 exf5 12. Rg1 d6 13. dxc5 dxc5 14. Ke2 Qe8
15. Rg3 Bd5 16. b3 Nc6 17. Qc2 Qh5 18. Rag1 Kh8 19. Bc4 Be4 20. Bd3 g5 21. Bxe4
fxe4 22. Qxe4 gxf4 23. Rg4 Qh6 24. Rg6 hxg6 25. Rxg6 Qh5 26. Qxc6 Rac8 27. Rh6+
Kg7 28. Qxc8 Kxh6 29. Qe6+ Bf6 30. e4 Qf7 31. Qf5 Qg6 32. Qxf4+ Kg7 33. Qe3 Qh6
34. Qd3 Qf4 35. Qd7+ Rf7 36. Qd3 Re7 0-1

[Event "M.Chigorin Memorial 2013"]
[Site "St. Petersburg"]
[Date "2013.10.08"]
[Round "4.42"]
[White "Palchun, Grigory"]
[Black "Arslanov, Shamil"]
[Result "0-1"]
[WhiteElo "2263"]
[BlackElo "2405"]
[PlyCount "80"]
[EventDate "2013.10.05"]

1. e4 e6 2. d4 d5 3. e5 c5 4. c3 Qb6 5. Nf3 Nc6 6. a3 Nh6 7. b4 cxd4 8. cxd4
Nf5 9. Bb2 Bd7 10. g4 Nh6 11. Rg1 f6 12. exf6 gxf6 13. Nc3 Nf7 14. Rc1 Qd8 15.
Bd3 Bh6 16. Rc2 Ng5 17. Nxg5 Bxg5 18. Ne2 Ne7 19. Qb1 Qb8 20. Rh1 Ng6 21. Bc1
Nf4 22. Nxf4 Bxf4 23. Re2 Qd6 24. Bxh7 Bxc1 25. Bg6+ Kd8 26. Qxc1 Rxh2 27. Rg1
Rc8 28. Qe3 a5 29. Rb2 e5 30. dxe5 fxe5 31. Qg5+ Qe7 32. Qxe7+ Kxe7 33. Rg3
Rc1+ 34. Ke2 Bb5+ 35. Bd3 Rc3 36. bxa5 Ba6 37. Bxa6 Rxg3 38. Bxb7 d4 39. Bf3 e4
40. Rb7+ Kf6 0-1

[Event "M.Chigorin Memorial 2013"]
[Site "St. Petersburg"]
[Date "2013.10.08"]
[Round "4.43"]
[White "Aitbayev, Aslan"]
[Black "Gorlanov, Vladislav"]
[Result "1-0"]
[WhiteElo "2403"]
[BlackElo "2249"]
[PlyCount "113"]
[EventDate "2013.10.05"]

1. e4 g6 2. d4 Bg7 3. Nf3 d6 4. Nc3 a6 5. Be2 b5 6. O-O Bb7 7. a3 Nd7 8. Bg5 c5
9. Re1 cxd4 10. Nxd4 Ngf6 11. Bf1 O-O 12. Qd2 Re8 13. Rad1 Rc8 14. f3 Ne5 15.
Kh1 Nfd7 16. a4 Nc4 17. Bxc4 Rxc4 18. Be3 bxa4 19. Ra1 Nb6 20. Qf2 d5 21. exd5
Nxd5 22. Nxd5 Qxd5 23. c3 Qh5 24. Qe2 Bd5 25. Nc2 Be5 26. Bg1 Bd6 27. Ne3 Rh4
28. Ng4 Kf8 29. Rad1 Bg3 30. Rf1 Bb3 31. Rd4 Be6 32. h3 Qa5 33. Ra1 h5 34.
Rdxa4 Qb5 35. c4 Qd7 36. Ne5 Qd6 37. Bf2 Bxf2 38. Qxf2 Rd4 39. f4 Rd2 40. Qe3
Bc8 41. c5 Qd5 42. Nf3 Rc2 43. Rc1 Rxc1+ 44. Qxc1 Bxh3 45. Rd4 Qa8 46. Qe3 e5
47. fxe5 Bg4 48. c6 Qc8 49. Rd6 Bxf3 50. Qxf3 Qf5 51. Qxf5 gxf5 52. Rd7 Rc8 53.
c7 Ke8 54. e6 fxe6 55. Rh7 h4 56. Kg1 e5 57. Kf2 1-0

[Event "M.Chigorin Memorial 2013"]
[Site "St. Petersburg"]
[Date "2013.10.08"]
[Round "4.44"]
[White "Tseitlin, Mark D"]
[Black "Hairapetian, Anna"]
[Result "1-0"]
[WhiteElo "2399"]
[BlackElo "2227"]
[PlyCount "61"]
[EventDate "2013.10.05"]

1. e4 c5 2. Nf3 d6 3. d4 cxd4 4. Nxd4 Nf6 5. Nc3 g6 6. Be3 Bg7 7. f3 Nc6 8. Qd2
O-O 9. O-O-O Nxd4 10. Bxd4 Be6 11. h4 Qa5 12. a3 Rfc8 13. h5 Nxh5 14. Bxg7 Nxg7
15. Qh6 f6 16. Nd5 Bxd5 17. exd5 Kf7 18. Bd3 Rh8 19. Rh4 Rad8 20. Rg4 f5 21.
Rb4 Qc7 22. g4 Qd7 23. Re1 Rdf8 24. gxf5 gxf5 25. Rf4 Rfg8 26. Rg1 e5 27. dxe6+
Nxe6 28. Rxf5+ Ke7 29. Rxg8 Rxg8 30. Qf6+ Ke8 31. Bb5 1-0

[Event "M.Chigorin Memorial 2013"]
[Site "St. Petersburg"]
[Date "2013.10.08"]
[Round "4.45"]
[White "Sadovsky, Artem"]
[Black "Chashchev, Sergey"]
[Result "1/2-1/2"]
[WhiteElo "2263"]
[BlackElo "2396"]
[PlyCount "73"]
[EventDate "2013.10.05"]

1. d4 d6 2. g3 f5 3. Bg2 Nf6 4. c4 g6 5. Nc3 Bg7 6. Nf3 O-O 7. O-O Qe8 8. Bg5
Na6 9. Qd2 c5 10. d5 Nc7 11. Bh6 b5 12. Bxg7 Kxg7 13. cxb5 Nxb5 14. Ng5 h6 15.
Ne6+ Bxe6 16. dxe6 Rb8 17. e4 Nxe4 18. Nxe4 fxe4 19. Bxe4 Nd4 20. Rfe1 Nxe6 21.
Bc6 Qxc6 22. Rxe6 Rbe8 23. Rae1 Qd7 24. h4 Rf6 25. Rxf6 Kxf6 26. Qxh6 e5 27.
Re3 Qf5 28. Kg2 e4 29. Ra3 Re7 30. Qh8+ Ke6 31. Qg8+ Rf7 32. Rxa7 Qxf2+ 33. Kh3
Qf1+ 34. Kh2 Qf2+ 35. Kh3 Qf5+ 36. Kh2 Qf2+ 37. Kh3 1/2-1/2

[Event "M.Chigorin Memorial 2013"]
[Site "St. Petersburg"]
[Date "2013.10.08"]
[Round "4.46"]
[White "Baghdasaryan, Vahe"]
[Black "Kuzmin, Egor"]
[Result "1-0"]
[WhiteElo "2395"]
[BlackElo "2190"]
[PlyCount "83"]
[EventDate "2013.10.05"]

1. e4 c5 2. Nf3 d6 3. d4 cxd4 4. Nxd4 Nf6 5. Nc3 Nc6 6. Bg5 e6 7. Qd2 a6 8.
O-O-O Be7 9. f4 Nxd4 10. Qxd4 b5 11. Bxf6 gxf6 12. Be2 Qc7 13. a4 bxa4 14.
Qxa4+ Bd7 15. Bb5 Ra7 16. Bxd7+ Qxd7 17. Qa5 O-O 18. Rd3 Kh8 19. Qh5 Rg8 20.
Qxf7 Rg7 21. Qh5 Rxg2 22. Rg3 Rxg3 23. hxg3 Bf8 24. f5 Rb7 25. g4 Qf7 26. Qxf7
Rxf7 27. fxe6 Re7 28. Rh5 Rxe6 29. Ra5 Bh6+ 30. Kd1 Be3 31. Rxa6 Bd4 32. Kd2
Kg7 33. b4 Kg6 34. Nb5 Be5 35. c4 Re7 36. Nxd6 Rd7 37. c5 Kg5 38. Ke2 Kxg4 39.
c6 Rc7 40. Nc4 h5 41. Nxe5+ fxe5 42. b5 1-0

[Event "M.Chigorin Memorial 2013"]
[Site "St. Petersburg"]
[Date "2013.10.08"]
[Round "4.47"]
[White "Severina, Maria"]
[Black "Ponomarev, Dmitry"]
[Result "1-0"]
[WhiteElo "2227"]
[BlackElo "2395"]
[PlyCount "120"]
[EventDate "2013.10.05"]

1. d4 d5 2. c4 c6 3. Nc3 Nf6 4. e3 a6 5. Qc2 e6 6. c5 Nbd7 7. Nf3 e5 8. Be2 Qc7
9. b4 e4 10. Nd2 g6 11. Bb2 Bg7 12. a4 O-O 13. a5 Re8 14. O-O-O Nf8 15. h3 Kh8
16. Rdg1 Ng8 17. h4 f5 18. h5 g5 19. h6 Nxh6 20. Nf1 f4 21. f3 Bf5 22. fxe4
dxe4 23. d5 Nf7 24. g3 Bg6 25. gxf4 gxf4 26. d6 Qd7 27. Bg4 Qd8 28. d7 Re7 29.
exf4 Qc7 30. f5 Qf4+ 31. Kb1 Bxf5 32. Ne2 Qxg4 33. Ne3 Qxg1+ 34. Rxg1 Bg6 35.
Bxg7+ Kxg7 36. Nf5+ Kf6 37. Nxe7 Kxe7 38. Nf4 Nxd7 39. Nxg6+ hxg6 40. Qxe4+
Nde5 41. Rxg6 Rd8 42. Qh4+ Kd7 43. Rg7 Kc7 44. Qf4 Kc8 45. Rxf7 Nxf7 46. Qxf7
Rd7 47. Qf4 Rd5 48. Kc2 Rd7 49. Kc3 Rd8 50. Qh2 Rd5 51. Kc4 Rd8 52. Qh3+ Kc7
53. Qg3+ Kc8 54. Qg4+ Kb8 55. Qf4+ Kc8 56. b5 cxb5+ 57. Kb4 Rd7 58. Qf8+ Rd8
59. Qf6 Rd1 60. c6 Rb1+ 1-0

[Event "M.Chigorin Memorial 2013"]
[Site "St. Petersburg"]
[Date "2013.10.08"]
[Round "4.48"]
[White "Nakar, Eylon"]
[Black "Pershin, Denis"]
[Result "1-0"]
[WhiteElo "2390"]
[BlackElo "2190"]
[PlyCount "59"]
[EventDate "2013.10.05"]

1. e4 c5 2. Nf3 d6 3. d4 cxd4 4. Qxd4 Nc6 5. Bb5 Bd7 6. Bxc6 Bxc6 7. Nc3 Nf6 8.
Bg5 e6 9. O-O-O Be7 10. Kb1 Qb6 11. Qxb6 axb6 12. Rhe1 b5 13. a3 e5 14. Bxf6
gxf6 15. Nh4 Rg8 16. g3 Kd7 17. Nf5 Ra5 18. Nd5 Bxd5 19. Rxd5 Rc8 20. Red1 Rc6
21. R1d3 Rb6 22. f3 Bf8 23. Rb3 Kc6 24. Rc3+ Kd7 25. Rb3 Kc6 26. Rc3+ Kd7 27.
Rcc5 Be7 28. Ka2 Ke8 29. Rc7 Bd8 30. Rxb7 1-0

[Event "M.Chigorin Memorial 2013"]
[Site "St. Petersburg"]
[Date "2013.10.08"]
[Round "4.49"]
[White "Balaian, Alina"]
[Black "Nezad, Husein Aziz"]
[Result "0-1"]
[WhiteElo "2218"]
[BlackElo "2388"]
[PlyCount "94"]
[EventDate "2013.10.05"]

1. e4 e5 2. Nf3 Nc6 3. Bb5 a6 4. Ba4 Nf6 5. O-O b5 6. Bb3 Bc5 7. c3 d6 8. d4
Bb6 9. h3 O-O 10. Be3 Bb7 11. Nbd2 h6 12. d5 Ne7 13. Bxb6 cxb6 14. a4 bxa4 15.
Bxa4 b5 16. Bc2 Rc8 17. Qe2 Nd7 18. c4 f5 19. exf5 Nxd5 20. Bb3 Nf4 21. cxb5+
Kh8 22. Qe3 Rxf5 23. bxa6 Ba8 24. Kh2 Nc5 25. Bc2 Rh5 26. b4 Qd7 27. Ne4 Nxe4
28. Bxe4 Nxg2 29. Nxe5 Rxe5 30. Bxg2 Rxe3 31. fxe3 Rc2 32. Rf8+ Kh7 33. Rg1
Bxg2 34. Rxg2 Rxg2+ 35. Kxg2 Qc6+ 36. Kg3 Qxa6 37. Rf4 Qd3 38. Kf2 g5 39. Rd4
Qf5+ 40. Kg3 h5 41. Kg2 Qe5 42. Kf3 Kg6 43. b5 Qf5+ 44. Kg2 Qxb5 45. Rxd6+ Kf5
46. Rd2 Ke4 47. h4 Kxe3 0-1

[Event "M.Chigorin Memorial 2013"]
[Site "St. Petersburg"]
[Date "2013.10.08"]
[Round "4.50"]
[White "Zaitsev, Alexander"]
[Black "Grinberg, Eyal"]
[Result "1/2-1/2"]
[WhiteElo "2386"]
[BlackElo "2087"]
[PlyCount "59"]
[EventDate "2013.10.05"]

1. e4 c5 2. Nf3 d6 3. d4 cxd4 4. Qxd4 Nc6 5. Bb5 Bd7 6. Bxc6 Bxc6 7. Nc3 Nf6 8.
Bg5 e6 9. O-O-O Be7 10. Rhe1 O-O 11. Kb1 Qc7 12. Qd2 Rad8 13. Nd4 a6 14. f3 b5
15. g4 b4 16. Nce2 a5 17. Ng3 a4 18. Rg1 b3 19. cxb3 axb3 20. a3 Qb7 21. Nxc6
Qxc6 22. Rc1 Qb5 23. Rc7 d5 24. Rxe7 dxe4 25. Qc1 Qd3+ 26. Ka1 Qd4 27. Kb1 Qd3+
28. Ka1 Qd4 29. Kb1 Qd3+ 30. Ka1 1/2-1/2

[Event "M.Chigorin Memorial 2013"]
[Site "St. Petersburg"]
[Date "2013.10.08"]
[Round "4.52"]
[White "Sukhareva, Evgeniya"]
[Black "Solovjov, Sergey I"]
[Result "0-1"]
[WhiteElo "2210"]
[BlackElo "2381"]
[PlyCount "136"]
[EventDate "2013.10.05"]

1. d4 g6 2. c4 Bg7 3. Nf3 Nf6 4. g3 O-O 5. Bg2 d6 6. O-O Nbd7 7. Nc3 e5 8. e4
a6 9. Re1 exd4 10. Nxd4 Re8 11. h3 Rb8 12. Rb1 Ne5 13. Bf1 c5 14. Nc2 b5 15.
cxb5 c4 16. Nb4 axb5 17. a3 Bb7 18. Bg2 Qd7 19. Bg5 h6 20. Be3 Nc6 21. Nxc6
Bxc6 22. Qc2 Qb7 23. Bf4 Rbd8 24. Rbd1 Re6 25. Re2 g5 26. Bc1 Rde8 27. Rde1 Nd7
28. f4 Nc5 29. Bd2 Bxc3 30. Bxc3 Bxe4 31. Bxe4 Rxe4 32. Rxe4 Rxe4 33. Rxe4 Qxe4
34. Qd2 gxf4 35. gxf4 Nd3 36. f5 Kh7 37. Qg2 Qe3+ 38. Kh2 Ne5 39. Qg3 Qe2+ 40.
Qg2 Nf3+ 41. Kg3 Qxg2+ 42. Kxg2 Nh4+ 43. Kg3 Nxf5+ 44. Kf4 Kg6 45. Ke4 Ne7 46.
Bb4 f5+ 47. Kf3 Nc8 48. Kf4 Kf6 49. Bc3+ Ke6 50. Bg7 d5 51. Ke3 h5 52. Kf4 Nd6
53. Kg5 Nf7+ 54. Kxh5 Ne5 55. Kg5 d4 56. Kf4 Nd3+ 57. Kf3 Ne5+ 58. Kf4 d3 59.
Ke3 f4+ 60. Kf2 Kf5 61. Bf8 Ke4 62. Bb4 Ng6 63. Bc3 Nh4 64. Bb4 Nf5 65. Bd2 Ne3
66. Bc1 Nd1+ 67. Ke1 f3 68. Kf1 Nxb2 0-1

[Event "M.Chigorin Memorial 2013"]
[Site "St. Petersburg"]
[Date "2013.10.08"]
[Round "4.53"]
[White "Vorobjev, Dmitry"]
[Black "Vavulin, Maksim"]
[Result "0-1"]
[WhiteElo "2190"]
[BlackElo "2377"]
[PlyCount "96"]
[EventDate "2013.10.05"]

1. e4 e5 2. Nf3 Nc6 3. Bb5 a6 4. Ba4 Nge7 5. c3 g6 6. d4 exd4 7. cxd4 b5 8. Bb3
Bg7 9. O-O d6 10. h3 O-O 11. Nc3 Na5 12. Bc2 Bb7 13. Bg5 h6 14. Bh4 Nc4 15. b3
Na3 16. Bd3 g5 17. Bg3 b4 18. Na4 Nb5 19. Qd2 f5 20. Rae1 Kh8 21. Nxg5 hxg5 22.
Qxg5 fxe4 23. Rxe4 Bxe4 24. Qh5+ Kg8 25. Bxe4 Rf7 26. Bh4 Bf6 27. Bxf6 Rxf6 28.
Qh7+ Kf8 29. Qh8+ Kf7 30. Qh5+ Kf8 31. Qh8+ Ng8 32. Bd5 Rf7 33. Re1 Rb8 34.
Bxf7 Kxf7 35. Qh7+ Kf8 36. Re3 Nxd4 37. Re4 Qf6 38. Qxc7 Re8 39. Rxe8+ Kxe8 40.
Qc8+ Kf7 41. Qxa6 Qe5 42. Qc4+ Kg7 43. Qxb4 Nf6 44. Nb6 Ne2+ 45. Kf1 Nf4 46.
Kg1 Qa1+ 47. Kh2 Ne2 48. h4 Qg1+ 0-1

[Event "M.Chigorin Memorial 2013"]
[Site "St. Petersburg"]
[Date "2013.10.08"]
[Round "4.55"]
[White "Ben Artzi, Ido"]
[Black "Larina, Marija"]
[Result "1/2-1/2"]
[WhiteElo "2370"]
[BlackElo "2011"]
[PlyCount "52"]
[EventDate "2013.10.05"]

1. d4 f5 2. e4 fxe4 3. Nc3 Nf6 4. Bg5 Nc6 5. d5 Ne5 6. Qe2 Nf7 7. Nh3 c6 8.
Bxf6 gxf6 9. Qxe4 e6 10. O-O-O Qe7 11. dxe6 dxe6 12. g4 Bd7 13. Bg2 Qb4 14. Qf3
Be7 15. Ne4 O-O-O 16. c3 Qc4 17. Kb1 f5 18. gxf5 exf5 19. Nd2 Qa4 20. Rhe1 Bf6
21. Ne4 Be6 22. Nxf6 Qxa2+ 23. Kc1 Qa1+ 24. Kc2 Qa4+ 25. Kc1 Qa1+ 26. Kc2 Qa4+
1/2-1/2